00978nam a22002177a 450000500170000001000260001702000300004303500140007303500140008703700090010108200100011010000250012024500520014526000610019727000890025830000700034794200240041799900190044195201440046095201560060420240813105304.0 aENG-128995 ENG-141319 c950.00a978-81-940517-4-9 aEN-112527 aEN-124851 bDBAD a358.4 aBajpai, Arpit969889 aMajor Operations of Air Force/cBy Arpit Bajpai aUttar PradeshbFalguni Publishers and Distributorsc2021 bUttar PradeshaRTB-160, Royal Tower, Shipra Sun City, Indirapuram, Ghaziabade201014 a312p.c23cm(hbk)bIncluding Bibliographical references and index. 2ddccENh358.4mBAJ c177269d177269 001040708NFICaAVbAVd2021-02-16eDBAD/PUBg950.00l1o358.4 BAJpEN-112527r2022-10-15 00:00:00s2022-10-06t1v950.00w2021-02-16yEN 001040708NFICaBL1bBL1d2024-08-13eDelivery of Books Act Divisiong950.00l0o358.4 BAJpEN-124851r2024-08-13 00:00:00t1v950.00w2024-08-13yEN